Countries at 5°W Longitude - Statistics

General Stats
  • This quiz has been taken 22 times
  • The average score is 7 of 8
Answer Stats
Country % Correct
Burkina Faso
95%
Mali
95%
Mauritania
95%
Morocco
95%
Spain
95%
United Kingdom
95%
Ivory Coast
90%
Algeria
86%
No matching quizzes found
Score Distribution
Percent of People with Each Score
Percentile by Number Answered
Your Score History
You have not taken this quiz